| 000 | 00705nam a2200217Ia 4500 | ||
|---|---|---|---|
| 001 | 337 | ||
| 003 | AR-BaAGN | ||
| 005 | 20230829142104.0 | ||
| 007 | ta | ||
| 008 | 211206s9999 xx 000 0 ita d | ||
| 040 |
_aAR-BaAGN _bspa _eaacr |
||
| 041 |
_aita _aspa |
||
| 245 | 0 | 3 |
_aEl Himno Nacional [su traducción al italiano] _b[recortes] |
| 264 |
_a[Lugar de publicación no identificado], _c[fechade publicación no identificada] |
||
| 300 | _a1 volumen | ||
| 336 |
_2rdacontent _btxt |
||
| 337 |
_2rdamedia _bn |
||
| 338 |
_2rdacarrier _bnc |
||
| 773 | 0 | 8 |
_0327 _927277 _oJJB-713 _tColombia, Estados Unidos y Panamá _g(Número 11 de 15 obras encuadernadas juntas) _iEncuadernado con: |
| 942 |
_cFOLLETO _n0 _2ddc |
||
| 999 |
_c337 _d337 |
||